Statistics for D Answers Quiz #2

Click here to take the quiz!

General Stats

  • This quiz has been taken 34,133 times
  • The average score is 14 of 24

Answer Stats

ClueAnswer% Correct
Beaver's construction projectDam
97%
"Looney Tunes" duckDaffy
81%
Forgetful fish of "Finding Nemo"Dory
80%
Hardest natural materialDiamond
79%
Pickle flavoring herbDill
79%
Baby-eating animal of the
Australian outback
Dingo
77%
Two, in FrenchDeux
74%
Place to practice karateDojo
74%
Dull child with a conical hatDunce
71%
Judi Dench's rankDame
68%
Olympic event to determine
"world's greatest athlete"
Decathlon
65%
Celtic priestDruid
60%
Singular of dataDatum
59%
Samson's betrayerDelilah
57%
City with an elevation of 5,280 feetDenver
54%
The D in LEDDiode
51%
Capital of SenegalDakar
49%
Roman goddess of the huntDiana
48%
Smelly fruit of Southeast AsiaDurian
46%
Venetian ruler or famous Shiba InuDoge
43%
Dr. Who villains who seek to "Exterminate!"Daleks
42%
British word for the game of checkersDraughts
35%
Band that whipped it, whipped it goodDevo
28%
Marcel Duchamp's nonsensical art genreDada
23%

Score Distribution

Percentile by Number Answered

Percent of People with Each Score

Your Score History

You have not taken this quiz